| 000 | 01343nam a22003857a 4500 | ||
|---|---|---|---|
| 003 | CHAP | ||
| 005 | 20220817040910.0 | ||
| 008 | 971013s1991 r 00010 d | ||
| 010 | _a2358 | ||
| 011 | _a3330 | ||
| 035 | _a2530 | ||
| 040 | _cCHAP | ||
| 090 | _aTesis | ||
| 100 | 0 | 0 |
_aVázquez Miramontes, Nicolás. _9120436 |
| 245 | _aPlanificación económica en el Distrito de Desarrollo Núm. 136; consideración de actividades pecuarias | ||
| 260 |
_aMontecillo, Méx. : _bEl Autor, _c1991 |
||
| 300 |
_a105 h. _b: ilus. ; anexos |
||
| 500 | _aD45-141 | ||
| 502 | _aTesis (M.C. Esp. en Economía Agrícola) -- C.P. Centro de Economía | ||
| 590 |
_aALEPH _b10 _c20130110 _lUCH01 _h1212 |
||
| 590 |
_aBATCH-UPD _b10 _c20130110 _lUCH01 _h1246 |
||
| 590 |
_aBATCH-UPD _b10 _c20130410 _lUCH01 _h0810 |
||
| 590 |
_aBATCH-UPD _b10 _c20130914 _lUCH01 _h0846 |
||
| 590 |
_aCONVERSION _b10 _c20130109 _lUCH01 _h1303 |
||
| 650 | 1 | 4 |
_aCarne _xProducción. _919109 |
| 650 | 1 | 4 |
_aLeche _xProducción. _965400 |
| 650 | 1 | 4 |
_aPolítica agrícola _xSinaloa. _990361 |
| 650 | 1 | 4 | _aPolítica económica. |
| 650 | 1 | 4 |
_aProductos pecuarios _xPrecios _xSinaloa. _992195 |
| 650 | 1 | 4 |
_aProgramación lineal. _992371 |
| 901 | _aBK | ||
| 942 | _cFOLL | ||
| 949 |
_bBC _cTES _d-12031 _eTS1 _h24122 _i2530 _si |
||
| 949 |
_bBC _cTES _d33724000694709 _eTS2 _fc.2 _h24123 _i2530 _si |
||
| 999 |
_c2358 _d2358 |
||